[Event "Sarajevo Bosnia 35th"]
[Site "Sarajevo"]
[Date "2005.05.26"]
[Round "7"]
[White "Sokolov, Ivan"]
[Black "Dizdarevic, Emir"]
[Result "1-0"]
[WhiteElo "2662"]
[BlackElo "2521"]
[Annotator "Huebner,R"]
[PlyCount "80"]
[EventDate "2005.05.19"]
[EventType "tourn"]
[EventRounds "9"]
[EventCountry "BIH"]
[EventCategory "16"]
[SourceTitle "CBM 108"]
[Source "ChessBase"]
[SourceDate "2005.09.26"]
[SourceVersion "1"]
[SourceVersionDate "2005.09.26"]
[SourceQuality "1"]

1. d4 d5 2. c4 c6 3. Nf3 Nf6 4. Nc3 dxc4 5. a4 Bf5 6. e3 e6 7. Bxc4 Nbd7 8. O-O
Bb4 9. Qe2 O-O 10. e4 Bg4 11. Rd1 Qa5 12. h3 Bh5 13. e5 Nd5 14. Ne4 f6 (14...
Be7 15. Bd3 c5 $11 {0-1 Gilbert,J-Binks,M/Chepstow 1999/EXT 2000 (39). (39)})
15. g4 Bg6 16. exf6 N7xf6 17. Ng3 Kh8 18. Ne5 Be8 19. h4 Qc7 20. h5 Nd7 21. Kg2
$6 {Dies schaut nicht besonders sinnvoll aus: der König steht auf g2 in vielen
Fällen ungünstig.} (21. h6 Bd6 22. Nxd7 Bxd7 23. Ne4 {mit scharfem Spiel ist
eine plausible Fortsetzung.}) 21... Bd6 (21... Nxe5 22. dxe5 c5 {nebst Le8-c6
führt zu interessantem Spiel.}) 22. Re1 (22. Nxd7 Bxd7 23. h6 g6 24. Ne4 Bf4 {
nebst Ta8-e8 und e6-e5 ist nicht attraktiv für Weiß.}) 22... c5 23. h6 N7b6 $6
{Dies dürfte unnötig vorsichtig sein, wenn es auch zu gutem Spiel für Schwarz
führt. Nach} (23... cxd4 24. hxg7+ Kxg7 25. Nxd7 Bxd7 {kann Weiß den König des
Schwarzen nicht wirksam beunruhigen und muß um die Sicherheit seines eigenen
Königs besorgt sein.}) 24. Bd3 cxd4 25. Qe4 Nf6 26. hxg7+ $2 {Weiß aktiviert
ohne Not die Dame des Gegners. Nach} (26. Qxd4 Rd8 (26... Bxe5 27. Qxe5 Bc6+
28. Kh3 {ist jetzt für Weiß sehr befriedigend.}) 27. a5 Nc8 (27... Na4 28. Bf1)
28. Bf1 {entsteht eine scharfe, schwer abzuschätzende Stellung. Nach dem
Textzug gerät Weiß in große Gefahr.}) 26... Qxg7 27. Qxd4 Bxe5 28. Qxe5 Bc6+
29. Kg1 Nbd7 30. Qg5 Qxg5 31. Bxg5 Nxg4 32. Rxe6 Nc5 $2 (32... Rxf2 {gibt
treffliche Gewinnaussichten:} 33. Ne4 (33. Be4 Rxb2 34. Bxc6 bxc6 35. Rxc6 Nde5
36. Bf6+ Nxf6 37. Rxf6 Rg8 38. Ra3 Nc4 {ist auch kein Honiglecken für Weiß.})
33... Rxb2 34. Bd2 Rxd2 35. Nxd2 Nc5 36. Rd6 Bxa4 {usw.}) (32... Nde5 33. Be4
Bxe4 34. Nxe4 Nf3+ 35. Kg2 Nxg5 36. Nxg5 Rxf2+ 37. Kg3 Rg8 38. Kxg4 Rg2+ 39.
Kf3 R2xg5 40. Rh1 {gibt dem Weißen mehr Rettungschancen.}) 33. Rxc6 bxc6 34.
Bf5 Nf6 (34... Nxf2 35. Kxf2 (35. Be3 Nfd3 36. Rd1 {ist ebenfalls spielbar.})
35... Rxf5+ 36. Nxf5 Rf8 37. Be3 Rxf5+ 38. Ke2 {führt zum Remis.}) (34... Ne5
35. Kg2 Ned3 36. Be3 {bietet auch nicht allzuviele Gewinnhoffnungen.}) 35. Rc1
Nfd7 $2 (35... Nxa4 {ist richtig. Nach} 36. Rxc6 Nh5 37. Bc2 Nxg3 38. fxg3 Nxb2
39. Bf6+ Rxf6 40. Rxf6 Rc8 41. Rf2 {hält Weiß ohne größere Mühe remis.}) 36.
Be3 Rxf5 37. Nxf5 Nxa4 38. Rxc6 Kg8 39. Re6 Nab6 $6 {Einige Rettungsaussichten
bietet die Fortsetzung} (39... Kf7 40. Re7+ Kf6 41. Rxd7 Kxf5) 40. Re7 Rc8 $6 {
Schwarz erlaubt 41.T:d7, aber seine Lage ist ohnehin hoffnungslsos.} 1-0

[Event "Bundesliga 0405"]
[Site "Germany"]
[Date "2004.11.27"]
[Round "7.5"]
[White "Ernst, Sipke"]
[Black "Handke, Florian"]
[Result "1-0"]
[WhiteElo "2521"]
[BlackElo "2467"]
[Annotator "Huebner,R"]
[PlyCount "66"]
[EventDate "2004.11.12"]
[EventType "team-tourn"]
[EventRounds "15"]
[EventCountry "GER"]
[SourceTitle "CBM 105"]
[Source "ChessBase"]
[SourceDate "2005.04.11"]
[SourceVersion "1"]
[SourceVersionDate "2005.04.11"]
[SourceQuality "1"]
[WhiteTeam "Solingen"]
[BlackTeam "Wattenscheid"]
[WhiteTeamCountry "GER"]
[BlackTeamCountry "GER"]

1. Nf3 d5 2. d4 c6 3. c4 Nf6 4. Nc3 dxc4 5. a4 Bf5 6. e3 e6 7. Bxc4 Bb4 8. O-O
Nbd7 9. Qe2 Bg6 10. e4 O-O 11. Bd3 Bh5 12. Bf4 Re8 13. e5 Nd5 14. Bd2 {Üblich
ist an dieser Stelle 14.Sd5:, vgl. Z. Ribli, Slawisch D16-19 (Informator 1996),
S.130. Wie die Folge zeigt, ist der Textzug nicht ungefährlich für Schwarz.} c5
15. dxc5 Nxc3 16. bxc3 Bxc5 17. Bf4 Bg6 (17... Be7 18. Rfd1 Bxf3 19. Qxf3 Qc7
20. Bxh7+ $16 {1-0 Olafsson,H-Santos,C/Bled 2002/EXT 2003 (57). (56)}) 18. Rfd1
Bxd3 $6 (18... Qc7 {ist sicherer.} 19. Bb5 Rad8 {ist ungefährlich für Schwarz.}
) 19. Rxd3 Qc7 20. Ng5 Nf8 21. Qh5 {Jetzt hat Weiß schon einen gefährlichen
Angriff.} Red8 22. Rg3 g6 {Es ist schwierig, einen besseren Vorschlag zu
machen.Schwarz muß der Drohung 23.Sh7: Aufmerksamkeit schenken.} 23. Ne4 Nd7 $2
{Die Entfernung des Springers von der Verteidigung des Königsflügels macht
nicht den Eindruck gesunder Verteidigung.} (23... f5 24. Nf6+ (24. Nd6 {
ist auch nicht schlecht.}) 24... Kh8 25. Qh4 {sieht ebenfalls sehr ungemütlich
für den Nachziehenden aus.}) (23... Rd3 {bietet sich jedoch an, um die Zahl
der Angreifer zu vermindern.} 24. Nf6+ (24. Rg4 Qc6 25. Nf6+ Kh8 26. Qh6 Qxa4 {
ist ungesund für Weiß.}) 24... Kh8 25. Qh6 Rxg3 26. Bxg3 Be7 {führt zu einer
haltbaren Stellung für Schwarz.}) 24. Bg5 Qxe5 (24... Rdc8 25. Qh4 Bf8 26. Rd1
Bg7 27. Nd6 {wird Schwarz auf die Dauer auch nicht überleben.}) 25. Qe2 $4 ({
Nach} 25. Qh4 {muß Schwarz sofort aufgeben.}) 25... f5 26. Nf6+ Kf7 27. Rh3 h5
$2 ({Sofortiges} 27... Rh8 {dürfte zum Gewinn führen. Nach} 28. Qxe5 Nxe5 29.
Nxh7 Ng4 30. Rd1 e5 (30... Bxf2+ 31. Kf1 e5 32. Rd7+ Ke6 33. Re7+ Kd6 34. Rd3+
Kc5 35. h3 {ist offenbar weit weniger überzeugend.}) 31. Bh4 Rxh7 32. Rd7+ Kg8
33. Rxh7 Kxh7 34. Be7+ Kg7 35. Bxc5 Rd8 {wird Weiß nicht überleben können.})
28. Rxh5 Rh8 29. Rxh8 Rxh8 30. Qxe5 Nxe5 31. Re1 $2 ({Die Fortsetzung} 31. Rd1
Be7 32. Nd7 Nf3+ (32... Nc6 33. Bxe7 Kxe7 34. Nc5 b6 35. Rd7+ Kf6 36. Rc7 {
ist ebensowenig gewinnträchtig für Schwarz.}) 33. gxf3 Bxg5 34. Ne5+ Kg7 35.
Rd7+ Kf6 36. Nd3 Rh4 37. a5 {hätte dem Weißen das Überleben gesichert.}) 31...
Nd3 32. Rd1 Ne5 $4 ({Nach} 32... Bxf2+ 33. Kf1 Bh4 {gewinnt Schwarz mühelos.})
33. Nd7 Nxd7 1-0

[Event "Bundesliga 0405"]
[Site "Germany"]
[Date "2005.03.12"]
[Round "12.7"]
[White "Werle, Jan"]
[Black "Tischbierek, Raj"]
[Result "1-0"]
[WhiteElo "2457"]
[BlackElo "2477"]
[Annotator "Huebner,R"]
[PlyCount "49"]
[EventDate "2004.11.12"]
[EventType "team-tourn"]
[EventRounds "15"]
[EventCountry "GER"]
[SourceTitle "CBM 106"]
[Source "ChessBase"]
[SourceDate "2005.06.06"]
[SourceVersion "1"]
[SourceVersionDate "2005.06.06"]
[SourceQuality "1"]
[WhiteTeam "Solingen"]
[BlackTeam "Kreuzberg"]
[WhiteTeamCountry "GER"]
[BlackTeamCountry "GER"]

1. Nf3 d5 2. d4 Nf6 3. c4 c6 4. Nc3 dxc4 5. a4 Bf5 6. e3 e6 7. Bxc4 Bb4 8. O-O
Nbd7 9. Qe2 Bg4 10. h3 Bxf3 11. Qxf3 O-O 12. Rd1 Qa5 13. e4 e5 14. d5 Nb6 15.
Bb3 Bxc3 16. bxc3 cxd5 17. exd5 Rac8 18. c4 Nxc4 {Dies ist bisher noch nicht
versucht worden, doch dürfte nichts gegen diesen Zug einzuwenden sein. In der
berühmten Vorgängerpartie Kasparov-Bareev, Novgorod 1994, folgte} (18... Rfe8
19. Bd2 Qa6 20. d6 Nbd7 (20... Nxc4 21. Bg5 Nd7 22. Rac1 $16) 21. Be3 (21. Bb4
{Hertneck} Qb6 22. Ba3 e4 23. Qe3 Qxe3 24. fxe3 $16) 21... Rc6 22. a5 {mit
unklarer Lage. Eine andere Fortsetzung wurde in der folgenden Partie gewählt:})
(18... Nfd7 19. Qg3 Kh8 20. Bd2 Qa6 21. Bb4 Rg8 22. c5 Nxc5 23. Bxc5 Rxc5 24.
d6 Nd7 25. Bxf7 Rd8 $14 {1-0 Ricardi,P-Iglesias,J/Trelew 1995/EXT 97 (54). (53)
}) 19. Bg5 (19. d6 {scheitert an} Nxd6 20. Rxd6 Qe1+) 19... Qa6 $2 {Dies ist
verfehlt.} (19... Nd7 20. Qf5 Ncb6 21. d6 {ist unbequem für Schwarz.}) ({
Die Fortsetzung} 19... e4 20. Qf5 (20. Qg3 Nxd5 21. Bh6 Qc3 $17) 20... Nd6 21.
Qf4 Qd8 {scheint mir am solidesten zu sein.}) 20. d6 ({In Betracht kommt auch} 
20. Rac1 e4 (20... Na5 21. Bc2 {überläßt dem Weißen eine gefährliche
Initiative.}) (20... Nb2 21. Rxc8 Rxc8 22. Qf5 ({Nach} 22. Rb1 Nc4 23. Bxf6
Qxf6 24. Bxc4 Qxf3 25. gxf3 Rxc4 26. Rxb7 g6 27. Rxa7 Rd4 {hält Schwarz remis.}
) 22... Re8 23. Rc1 Qd3 24. Qxd3 Nxd3 25. Rc7 {führt zu einem gewonnenen
Endspiel für Weiß.}) 21. Qe2 Nd6 22. Qxa6 bxa6 23. Rc6 {Weiß hat ein
vorteilhaftes Endspiel.}) 20... Nxd6 21. Bxf6 gxf6 22. Qxf6 Nc4 ({Auch nach} 
22... Ne4 23. Qxe5 Qg6 24. Rac1 {dürfte Schwarz auf die dauer kaum überleben
können.}) 23. Qh4 Na5 $6 (23... Kh8 24. Rac1 {ist ebenfalls hoffnungslos für
Schwarz.}) ({Auf} 23... Rc6 {folgt} 24. Rac1 Nb2 (24... Na5 25. Bc2 {, und
Weiß gewinnt.}) (24... Rfc8 {scheitert an} 25. Bxc4 Rxc4 26. Rxc4 Rxc4 27. Qd8+
Kg7 28. Rd6) 25. Rxc6 Qxc6 26. Qg5+ Qg6 27. Qxg6+ hxg6 28. Rd2 {, und Weiß
gewinnt.}) 24. Bxf7+ Kh8 25. Rd7 1-0

[Event "VISA Nordic GP Final"]
[Site "Gentofte"]
[Date "1999.08.18"]
[Round "11"]
[White "Akesson, Ralf"]
[Black "Hector, Jonny"]
[Result "1/2-1/2"]
[WhiteElo "2535"]
[BlackElo "2505"]
[Annotator "Huebner,R"]
[PlyCount "89"]
[EventDate "1999.08.05"]
[EventType "tourn"]
[EventRounds "13"]
[EventCountry "DEN"]
[EventCategory "9"]
[SourceTitle "CBM 073"]
[Source "ChessBase"]
[SourceDate "1999.12.01"]
[SourceVersion "1"]
[SourceVersionDate "1999.12.01"]
[SourceQuality "1"]

1. d4 d5 2. c4 c6 3. Nf3 Nf6 4. Nc3 dxc4 5. a4 Bf5 6. e3 e6 7. Bxc4 Bb4 8. O-O
Nbd7 9. Qe2 Bg4 10. h3 Bxf3 11. Qxf3 O-O 12. Rd1 Rc8 13. e4 e5 14. dxe5 Nxe5
15. Qf5 Qa5 16. Bf1 Rfe8 17. Be3 Re6 18. Bd4 Nfd7 19. Bxe5 Nxe5 20. f4 Qb6+ 21.
Kh1 Ng6 22. Bc4 Ne7 23. Qg4 Rg6 24. Qd7 Rf8 25. f5 Rg5 26. Rd2 Qe3 27. Rf1 Bxc3
28. bxc3 Qxe4 29. Qd8 Nd5 30. Qxg5 Qxc4 31. Rf3 h6 32. Qg3 Nf6 33. Rd4 Qa2 34.
Qc7 Kh7 35. Qxb7 Re8 36. Rf1 Qe2 37. Rdf4 $2 (37. Rdd1 Ne4 (37... Nh5 38. Rfe1
{ist nicht besser für Schwarz.}) 38. Rfe1 Qc4 39. Qxa7 {sollte zum Sieg führen.
}) 37... Nh5 38. R4f2 (38. Qxf7 Nxf4 39. Rxf4 Qd1+ 40. Kh2 Qd6 {ergibt
Ausgleich.}) 38... Ng3+ 39. Kg1 Qe3 40. Qxf7 {Wenn der Turm von f1 weicht,
folgt 40...Se4.} Nxf1 41. f6 Rg8 42. Qe7 Qxe7 43. fxe7 Re8 44. Kxf1 Rxe7 45.
Re2 1/2-1/2

[Event "RUS-ch sf 58th"]
[Site "Kazan"]
[Date "2005.09.06"]
[Round "4"]
[White "Lugovoi, Aleksei"]
[Black "Bareev, Evgeny"]
[Result "0-1"]
[WhiteElo "2556"]
[BlackElo "2688"]
[Annotator "Huebner,R"]
[PlyCount "82"]
[EventDate "2005.09.03"]
[EventType "swiss"]
[EventRounds "9"]
[EventCountry "RUS"]
[SourceTitle "CBM 109"]
[Source "ChessBase"]
[SourceDate "2005.11.14"]
[SourceVersion "1"]
[SourceVersionDate "2005.11.14"]
[SourceQuality "1"]

1. d4 d5 2. c4 c6 3. Nf3 Nf6 4. Nc3 dxc4 5. a4 Bf5 6. e3 e6 7. Bxc4 Bb4 8. O-O
O-O 9. Qe2 Ne4 10. Na2 ({Das Abspiel} 10. Bd3 Bxc3 11. bxc3 Nxc3 12. Qc2 Bxd3
13. Qxd3 Nd5 {gibt dem Weißen keinen nennenswerten Vorteil, wie die Praxis der
letzten Jahre gezeigt hat.}) 10... Be7 11. Bd3 Ng5 12. Ne5 (12. Ne1 Bxd3 13.
Nxd3 Na6 14. Nc3 h6 15. Rd1 Nh7 16. Ne5 Qc7 17. e4 Rad8 18. Be3 Nb4 19. Rac1
$14 {1/2-1/2 Flohr,S-Capablanca,J/Holland 1938/HCL (41). (40)}) 12... Bxd3 13.
Qxd3 {Dies ist nicht besser als} (13. Nxd3 {mit Übergang in die Partie
Flohr-Capablanca, AVRO-Turnier 1938.}) 13... f6 14. Nc4 c5 15. f4 {Dies
gefällt mir nicht sonderlich. Solider ist} (15. Qb3 cxd4 16. exd4 Nc6 17. Bxg5
Nxd4 18. Qxb7 fxg5 19. Rad1 {mit etwa gleichem Spiel.}) 15... Nf7 16. f5 $6 {
Damit bewirkt Weiß nichts außer Freigabe des Punktes e5 und Auflösung der
Schwäche e6.} (16. Rd1 Nc6 17. Nc3 {sollte noch zum Ausgleich genügen.}) 16...
exf5 17. Rxf5 Nc6 18. d5 Nce5 19. Nxe5 Nxe5 20. Qd1 Qd7 $6 (20... c4 {sieht
wirksamer aus:} 21. Nc3 Qd7 22. e4 Bc5+ 23. Kh1 Nd3 {führt zu großem Vorteil
für Schwarz.}) 21. e4 Rfe8 (21... c4 {kann jetzt mit} 22. Be3 Nd3 23. Nc1 {
pariert werden.}) 22. Nc3 Nf7 23. Qd3 $2 (23. Be3 {führt zu einer
ausgeglichenen Stellung.}) 23... c4 24. Qg3 $6 (24. Qf3 {erlaubt zäheren
Widerstand, zum Beispiel} Bc5+ 25. Kh1 Ne5 26. Qg3 Nd3 27. Rxf6 Bd4 28. Rf1
Bxc3 29. bxc3 Rxe4 30. Be3 {usw.}) 24... Bc5+ 25. Kh1 Rxe4 26. Rf1 Rd4 27. Be3
Rd3 28. Ne4 Bd4 29. Rf3 (29. Nxf6+ Bxf6 30. Rxf6 Qxd5 {sieht auch hoffnungslos
für Weiß aus.}) 29... Qxd5 30. Bxd4 Qxd4 31. Nxf6+ Qxf6 32. Rxf6 Rxg3 33. Rxf7
Kxf7 34. hxg3 Rc8 {Der Gewinn dieses Turmendspiels macht keine Schwierigkeiten.
} 35. Re1 Rc6 36. Re4 a6 37. a5 Rc5 38. g4 Rxa5 39. Rxc4 Rb5 40. b4 Ke6 41. Kh2
g5 0-1

[Event "Bundesliga 0506"]
[Site "Germany"]
[Date "2005.10.22"]
[Round "7.4"]
[White "Huebner, Robert"]
[Black "Beckhuis, Gernod"]
[Result "1-0"]
[WhiteElo "2637"]
[BlackElo "2328"]
[Annotator "Huebner,R"]
[PlyCount "65"]
[EventDate "2005.10.21"]
[EventType "team-tourn"]
[EventRounds "15"]
[EventCountry "GER"]
[SourceTitle "CBM 110"]
[Source "ChessBase"]
[SourceDate "2006.01.31"]
[SourceVersion "1"]
[SourceVersionDate "2006.01.31"]
[SourceQuality "1"]
[WhiteTeam "Baden-Baden"]
[BlackTeam "Kirchheim"]
[WhiteTeamCountry "GER"]
[BlackTeamCountry "GER"]

1. d4 d5 2. c4 c6 3. Nc3 Nf6 4. Nf3 dxc4 5. a4 Bf5 6. e3 e6 7. Bxc4 Bb4 8. O-O
O-O 9. Qe2 Bg4 10. h3 Bxf3 11. Qxf3 Nbd7 12. Rd1 Rc8 13. Na2 {Hier sind
natürlich viele andere Züge versucht worden. Ich gebe eine Auswahl:} (13. Bf1
e5 14. g4 ({Die Fortsetzung} 14. dxe5 Nxe5 15. Qf5 Qa5 (15... Qe7 16. e4 $14)
16. e4 {macht einen natürlicheren und gesünderen Eindruck.}) 14... Qa5 (14...
exd4 15. Rxd4 Qa5 {führt zu einer befriedigenden Stellung für Schwarz.}) 15. g5
Nd5 (15... e4 {scheitert an} 16. Qg2 Nd5 17. Nxe4 {mit Gewinnstellung für Weiß.
}) ({Die Folge} 15... Ne8 16. Qf5 Rd8 17. dxe5 Nd6 18. Qf4 Nc8 (18... Nxe5 19.
Na2 c5 20. Rxd6) 19. Na2 {überläßt dem Weißen ebenfalls Vorteil.}) 16. Nxd5
cxd5 17. dxe5 Rfd8 ({Die Fortsetzung} 17... Nxe5 18. Qxd5 Rcd8 19. Qxa5 Bxa5
20. Rxd8 Rxd8 21. Be2 {ist unbefriedigend für Schwarz.}) 18. Bg2 ({Mit} 18.
Rxd5 Nxe5 19. Rxd8+ Qxd8 20. Qxb7 Rb8 21. Qe4 Qxg5+ 22. Kh1 {behält Weiß einen
gesunden Mehrbauern. Die Partiefolge scheint mir weniger klar zu sein. Schwarz
erhält ein gefährliches Gegenspiel.}) 18... Nc5 19. Rxd5 Rxd5 20. Qxd5 Rd8 21.
Qc4 b5 ({Zum Remis führt die Folge} 21... Rd1+ 22. Bf1 ({Die Fortsetzung} 22.
Kh2 Nd3 23. Qc2 Nxf2 24. Qxf2 Qxe5+ 25. Qf4 Bd6 {ist dem Weißen nicht
anzuraten.}) 22... Nd3 23. Qc2 Rxc1 24. Rxc1 Nxc1 25. Qxc1 Qxe5 {usw. Der
Textzug ist nicht schlechter. Schwarz verfolgt eine interessante Konzeption:
er möchte den Damenfügel des Weißen nicht zur Entwicklung kommen lassen.}) 22.
Qc2 bxa4 23. Bc6 Qc7 24. Bxa4 Qxe5 25. Bc6 ({Nach} 25. f4 Qd5 ({Auf} 25... Qe6
{folgt} 26. Kh2 {gefolgt von b2-b3 und Ta1-a2.}) 26. Kh2 a5 {kann sich Weiß
nicht befreien.}) 25... a5 26. Bg2 ({Nach} 26. e4 Ne6 (26... Qe6 27. Bd5 Qxh3
28. Be3 {bringt dem Schwarzen keinen Vorteil.}) 27. Bd5 Nxg5 28. Qd3 {sollte
Weiß überleben können.}) 26... Qe6 27. e4 ({Mit} 27. Rb1 {konnte Weiß
Widerstand leisten, doch ist seine Situation nach} Nb3 (27... Qb3 28. Be4 {
ist nicht ersprießlich für Schwarz.}) 28. e4 Nd4 29. Qa4 (29. Qd3 Nf3+ 30. Qxf3
Qa2 {ist hoffnungslos für Weiß.}) 29... Ne2+ 30. Kh1 (30. Kf1 {scheitert an}
Qc4) 30... Qe5 {höchst unerfreulich.}) 27... Qb3 28. Qe2 Rd1+ 29. Bf1 Nd3 30.
Qf3 Qc2 31. e5 Nxc1 32. Rxa5 Bxa5 {0-1 Vaganian,R-Hector,J/Luebeck 2001/CBM
082/[Huebner,R] (32).}) (13. e4 e5 14. dxe5 (14. Bg5 exd4 15. Rxd4 Ne5 16. Qd1
Qe7 17. Qb3 Bc5 18. Rd2 h6 $11 {0-1 Lipinsky,F-Hector,J/Germany 1998/GER-chT2 
(69). (69)}) 14... Nxe5 15. Qf5 Qa5 ({Nach} 15... Qe7 16. Bb3 Rcd8 17. Bg5 Nd3
18. Bc2 Nxb2 19. Rxd8 Qxd8 ({Auf} 19... Rxd8 {folgt} 20. e5 Qd7 21. Na2 Qxf5
22. Bxf5 Bd2 23. Bxd2 Rxd2 24. exf6 {mit Gewinnstellung für Weiß.}) 20. Na2 Bd2
21. Bxf6 Qxf6 22. Qxf6 gxf6 23. Rb1 Nc4 24. Rxb7 a5 25. g3 {hat Weiß einigen
Vorteil.}) 16. Bf1 Rfe8 17. Be3 Qc7 (17... Ng6 18. Qxa5 Bxa5 19. f3 a6 ({
Die Fortsetzung} 19... Bb6 20. Bxb6 axb6 21. Rd4 {ist unbequem für Schwarz.})
20. Bd4 Rcd8 {hat Weiß keinen nennenswerten Vorteil.}) (17... Re6 18. Bd4 Nfd7
19. Bxe5 Nxe5 20. f4 Qb6+ 21. Kh1 Ng6 22. Bc4 Ne7 23. Qg4 Rg6 24. Qd7 Rf8 25.
f5 Rg5 $13 {1/2-1/2 Akesson,R-Hector,J/Gentofte 1999/CBM 73/[Huebner,R] (45). 
(44)}) 18. Rac1 Ng6 (18... Bxc3 19. Rxc3 Ng6 {sollte versucht werden. Nach dem
Textzug erhält Weiß eine Gewinnstellung.}) 19. Nd5 $18 {1-0 Lautier,J-Hector,J/
Malmoe 1999/CBM 72/[Huebner,R] (25). (24)}) ({Auch andere Züge wurden versucht;
sie scheinen aber nicht aussichtsreicher zu sein als 13.e4:} 13. Ne4 Nxe4 14.
Qxe4 Qa5 15. Qc2 Nb6 16. Bd3 g6 17. e4 Rfd8 18. Be2 $11 {1/2-1/2 Beliavsky,
A-Ivanchuk,V/Munich 1994/CBM 42 (62)}) (13. Bd2 Qa5 14. e4 e5 15. dxe5 Nxe5 16.
Qe2 Rfe8 17. Bb3 Ng6 $15 {0-1 Moldenhauer,J-Fette,M/Berlin 2000/EXT 2001 (51).
(51)}) (13. Bd3 Re8 14. Bd2 a6 15. Ne4 Qa5 16. Qe2 Nxe4 17. Bxe4 Rcd8 18. Bxb4
Qxb4 19. Qc2 Nf6 20. Bf3 $14 {1/2-1/2 Razuvaev,Y-Chernin,A/Tilburg 1994/CBM 44
(30). (29)}) ({Weiß verfolgt in der Partie einen anderen Plan: er möchte e3-e4
zunächst vermeiden, um dem Gegner kein Ansatz zu Gegenspiel zu gewähren; der
Damenläufer soll langsam und vorsichtig ins Spiel gebracht werden. Er hofft,
daß sein weißfeldriger Läufer an Kraft gewinnt, wenn Schwarz e6-e5 durchsetzt.
Nach} 13. e4 Qa5 {verspricht die Fortsetzung} 14. Na2 Qxa4 {dem Weißen nicht
mehr als unklare Kompenastion für den geopferten Bauern; auif andere Weise
kann er sich nicht harmonisch entwickeln. Mit dem Textzug will Weiß den
Damenausflug nach a5 entkräften. Vorteil erreicht er mit seinem Verfahren so
wenig wie mit anderen Fortsetzungen.}) 13... Bd6 14. Qe2 (14. e4 e5 15. Be3
exd4 16. Bxd4 Qe7 17. Nc3 Ne5 $11 {1-0 Sergienko,S-Volzhin,A/Moscow 1994/CBM
045 ext (47). (46)}) (14. Bd2 e5 15. Bc3 e4 16. Qe2 Nb6 {ist offenbar
unersprießlich für Weiß. Der Textzug dient dazu, e6-e5 jederzeit mit d4xe5
beantworten zu können.}) 14... Qe7 15. Nc3 e5 16. dxe5 Nxe5 17. Bb3 Rcd8 18.
Bc2 ({Die Fortsetzung} 18. Bd2 Nd3 {ist unerfreulich für Weiß; zumindest
gewinnt der Springer des Schwarzen das schöne Feld b4.}) 18... Bb8 $6 {Auf der
Diagonale b8-h2 ist für Schwarz nicht viel zu holen; plausibler sieht} (18...
Bb4 19. Bd2 a5 {mit Ausgleich aus.}) 19. Bd2 Rfe8 20. Be1 Ned7 {Nach anderen
Zügen tauscht Weiß die Türme. Er hofft auf das langfristige Potential des
Läuferpaares und der Möglichkeit, den e-Bauern nach e5 vorzustoßen; sein
Vorteil ist aber in jedem Fall nur sehr klein.} 21. g3 h5 $6 {Angriff kann
Schwarz auf diese Weise nicht erreichen, und später stellt sich der Vorstoß
als Schwächung heraus. Solider ist} (21... g6) 22. a5 a6 ({Nach} 22... h4 23.
gxh4 Qe5 24. Qf3 Qh2+ 25. Kf1 Ne5 26. Qg2 {ist der Angriff des Schwarzen zu
Ende, und Weiß hat Vorteil.}) 23. Ra4 {Jetzt steht Weiß schon zu Sc3-e4 bereit.
} Nc5 24. Rxd8 Rxd8 25. Rc4 Bc7 26. b4 Ncd7 27. f4 $6 {Weiß glaubt, daß die
Zeit zur Expansion im Zentrum angebrochen ist, aber dies ist nicht der Fall.
Mit} (27. Ne4 {konnte er einen geringfügigen Vorteil behalten:} g6 (27... Ne5
28. Nxf6+ Qxf6 29. Bc3 {führt zu klarem Vorteil für Weiß.}) 28. Kg2 {usw.})
27... Bd6 $6 (27... Qe6 28. Kg2 b5 29. axb6 (29. Rd4 c5 {ist bestimmt nicht
günstiger für Weiß.}) 29... Nxb6 30. Rd4 (30. Rc5 Nbd5 31. Nxd5 Nxd5 32. Bd2
Bb6 {ist unerfreulich für Weiß.}) 30... Rxd4 31. exd4 Qxe2+ 32. Nxe2 Nbd5 33.
Bd3 Bd6 {führt zu einer Remisstellung.}) 28. Ne4 Nxe4 $2 {Schwarz muß seinen
Läufer wieder zurückziehen. Nach} (28... Bb8 {ist noch nichts verloren.}) 29.
Rxe4 Qf8 ({Nach} 29... Qf6 30. Qxh5 Qa1 31. Qd1 {behält Weiß einen gesunden
Mehrbauern.}) 30. Bc3 g6 $2 {Dies ist selbstmörderisch; der Angriff des Weißen
erhält nun sofort entscheidende Kraft. Mit} (30... Be7 31. Qxh5 Nf6 32. Bxf6
Bxf6 33. Bb3 {Wenn Weiß g7-g6 zuläßt, hat Schwarz keine Sorgen mehr.} Be7 (
33... Rd3 {scheitert an} 34. Bxf7+) (33... Rd7 34. g4 Re7 35. g5 Rxe4 36. g6 {
ist ebenfalls fatal für Schwarz.}) 34. g4 Rd3 35. Bc4 Rd6 36. g5 g6 {konnte
Schwarz noch erheblichen Widerstand leisten.}) 31. f5 Bxg3 {Es gibt keine
zureichende Verteidigung. Auf} (31... Qh6 {folgt} 32. fxg6 fxg6 (32... Qxg6 33.
Rg4 {, und Weiß gewinnt.}) 33. Qc4+ Kf8 34. Bb3 Qh7 35. Qf1+ {nebst matt.}) (
31... Re8 32. fxg6 fxg6 (32... Rxe4 33. Qxh5) 33. Qc4+ Kh7 34. Re6 {ist
ebenfalls hoffnungslos.}) 32. fxg6 fxg6 33. Re6 1-0